| 000 | 00943nam a22002657a 4500 | ||
|---|---|---|---|
| 001 | 8672 | ||
| 003 | FISKH | ||
| 005 | 20251009143733.0 | ||
| 008 | 251009b cb ||||| |||| 00| 0 eng d | ||
| 020 | _a9781338048797 | ||
| 040 |
_aFISKH _beng _cFISKH _dFISKH |
||
| 050 | _aQE34.N34 | ||
| 082 | _a550.23 | ||
| 100 |
_aNagelhout, Ryan _eAuthor |
||
| 245 |
_aBe a geologist / _cBy Ryan Nagelhout |
||
| 260 |
_aNew York : _bScholastic , _c2015 |
||
| 300 |
_a32 pages : _bcolor illustrations ; _c26 cm |
||
| 505 | _aU | ||
| 520 | _aThis appealing book focuses on the different kinds of geologists and the significant work they do. It also describes the rock cycle, plate tectonics, and some other important earth-science concepts that will inspire readers to consider a career in geology. | ||
| 521 | 8 |
_a960
_bLexile |
|
| 521 | 8 |
_aU
_bRaz-Plus |
|
| 650 |
_aGuided reading _vInformational |
||
| 942 |
_2ddc _cBK _n0 |
||
| 999 |
_c8672 _d8672 |
||